| 000 | 00765nam a22002774a 4500 | ||
|---|---|---|---|
| 001 | UByD003245 | ||
| 003 | AR-LpoUNG | ||
| 005 | 20240927113127.0 | ||
| 008 | 240927s2015 ag g 00| s spa d | ||
| 020 | _a9789871912506 | ||
| 040 |
_aAR-LpoUNG _bspa _cAR-LpoUNG _eaacr |
||
| 041 | 0 | _aspa | |
| 082 | 0 | _aA861 56poe | |
| 100 | 1 |
_aEnriquez, Julia _ecomp. _eed. _epról. |
|
| 245 | 1 | 0 | _a53/70 poesía argentina del siglo XXI |
| 250 | _a1ra. ed. | ||
| 260 |
_aRosario : _bMunicipalidad de Rosario, _c2015. |
||
| 300 | _a388 p. | ||
| 650 | 4 | _aLITERATURA | |
| 650 | 4 | _aPOESIA | |
| 650 | 4 | _aANTOLOGIAS | |
| 653 | 0 | _aLITERATURA ARGENTINA | |
| 700 | 1 |
_aHenderson, Daiana _ecomp. _eed. _epról. |
|
| 700 | 1 |
_aOrge, Bernardo _ecomp. _eed. _epról. |
|
| 942 |
_2ddc _cLIB |
||
| 999 |
_c65895 _d65895 |
||